| 000 -ლიდერი |
| ფიქსირებული სიგრძის საკონტროლო ველი |
01164nam a22002297a 4500 |
| 003 - საკონტროლო ნომრის იდენტიფიკატორი |
| საკონტროლო ველი |
Ge_BSU |
| 005 - ბოლო ოპერაციის თარიღი და დრო |
| საკონტროლო ველი |
20201015140326.0 |
| 008 - ფიქსირებული სიგრძის მონაცემთა ელემენტები - ზოგადი ინფორმაცია |
| ფიქსირებული სიგრძის საკონტროლო ველი |
201015s2019 ge ||||| |||| 00| 0 geo d |
| 020 ## - წიგნის საერთაშორისო სტანდარტული ნომერი |
| International Standard Book Number |
9789941256196 |
| 041 ## - ენის კოდი |
| Language code of text/sound track or separate title |
geo |
| 080 ## - უნივერსალური ათობითი კლასიფიკაციის ინდექსი |
| Universal Decimal Classification number |
343(075.8) ს-54 |
| 245 ## - ცნობა სათაურის შესახებ |
| Title |
სისხლის სამართალი : |
| Remainder of title |
ზოგადი ნაწილი. სახელმძღვანელო / |
| Statement of responsibility, etc |
რედ. გ. ნაჭყებია, ნ. თოდუა. ავტ. კოლექტ. გ. ტყეშელიაძე, მ.ლეკვეიშვილი და სხვ. |
| 250 ## - გამოცემის ცნობა |
| Edition statement |
მეოთხე გამოცემა |
| 264 ## - წარმოების, გამოცემის, დისტრიბუციის და სხვა ცნობები |
| გამოცემის, წარმოების, დისტრიბუციის... ადგილი |
თბილისი : |
| გამოცემის, წარმოების, დისტრიბუციის... სახელწოდება |
მერიდიანი, |
| გამოცემის, წარმოების, დისტრიბუციის... თარიღი |
2019. |
| 300 ## - ფიზიკური აღწერა |
| Extent |
783 გვ. |
| Other physical details |
25 სმ. |
| 653 ## - INDEX TERM--UNCONTROLLED |
| Uncontrolled term |
სამართალი |
| 700 ## - ADDED ENTRY--PERSONAL NAME |
| Personal name |
ნაჭყებია, გ. |
| Relator term |
რედაქტორი |
| 9 (RLIN) |
9611 |
| 700 ## - ADDED ENTRY--PERSONAL NAME |
| Personal name |
თოდუა, ნ. |
| Relator term |
რედაქტორი |
| 9 (RLIN) |
9612 |
| 700 ## - ADDED ENTRY--PERSONAL NAME |
| Personal name |
ტყეშელიაძე, გ. |
| Relator term |
ავტორი |
| 9 (RLIN) |
3507 |
| 700 ## - ADDED ENTRY--PERSONAL NAME |
| Personal name |
ლეკვეიშვილი, მ.და სხვ. |
| Relator term |
ავტორი |
| 9 (RLIN) |
9613 |
| 942 ## - ADDED ENTRY ELEMENTS (KOHA) |
| Source of classification or shelving scheme |
|
| Koha item type |
წიგნი |